000 00360 a2200133 4500
005 20250627125311.0
020 _a0-566-02236-2
082 _a658.1511 FAN
100 _aFANNING, D.
245 _aHandbook of Management Accounting,
260 _aBritish,
_bGower Publishing Company,
_c1983.
300 _axix,;471p: ill,; figure,
_bIndex,
_c24cm.
942 _2ddc
_cBKS
999 _c5635
_d5635